01470cam a22003614i 4500003000900000005001700009008004100026020001800067035002700085040003300112082001700145100002900162245013500191264005500326300003800381336002100419337002500440338002300465505049500488526001000983526001000993526001001003526001001013526000801023526000801031526000801039526000801047526000801055526000801063526000801071541001301079650001601092PE-LiUPU20250731173325.0150625s r 000 0 d a9780802840349 a(Sirsi) i9780802840349 aPE-LiUPUbspacPE-LiUPUerda04a230bS252211 aSauter, Gerhard,eautor.10aProtestant theology at the crossroads :bhow to face the crucial tasks for theology in the twenty-first century /cGerhard Sauter. 1aMichigan :bWM. B. Eerdmans Publishing Co.,c2007. a187 páginas ;c23 centímetros atext2rdacontent aunmediated2rdamedia avolume2rdacarrier0 aWhat dare we hope - at the beginning of the third millennium?. -A shared hope for jews and Christians. -The art of reading the bible. -No fear of dogmatics!. -God creates faith - do we consent?. -Contextual theology as a challenge to dogmatics. -Theological refleactions on the political changes in Europe. -The religious dimension of American self-understanding and its crisis today. -Public theology - Theology outside the church?. -Observations on the current state of reformed theology. aSEG42 aSEG41 aSEG40 aSEG39 aP94 aP87 aP86 aP85 aP77 aP76 aP35 g8163566;04aTeología.